000 01144nam a2200313 a 4500
001 000111856
003 CHAP
005 20220329144232.0
008 150924s2015 mx a fsm |||||||spa d
010 _a108317
011 _a109289
040 _cCHAP
090 _aTesis
100 1 _aEstrada Arroyo, Guillermo
_9129845
245 1 0 _aFilogenia, distribución y patogenicidad de Lasiodiplodia spp. de mango en México /
_h[En línea]
_cpor Guillermo Estrada Arroyo y Rafael Macedo Arzate.
260 _aChapingo, Méx. :
_bEl autor,
_c2015.
500 _aPara ver el contenido del material haga clic en la liga
502 _aTesis (Ing. Agr. Esp. en Parasitología Agrícola) -- UACH. Departamento de Parasitología Agrícola
590 _aE6096MTM
_b05
_c20150924
_lUCH01
_h1009
590 _aE6096MTM
_b05
_c20150924
_lUCH01
_h1010
650 1 4 _aFilogenia (Botánica)
_940884
650 1 4 _aMango
_xEnfermedades.
_970410
650 1 4 _aMango
_xMéxico.
_970437
700 1 _aMacedo Arzate, Rafael
_9129846
856 _aFinding aid
_uhttp://10.13.5.2/tesis/sist111856.pdf
_zTeclea aquí
901 _aBK
942 _cTESIS
942 _n0
999 _c108317
_d108317